Harry Potter Things Quiz Stats

 Plays Quiz Updated Oct 1, 2014

Challenge
Share
Tweet
Embed
Score 0/24 Timer 06:00
3 Plays Today
Items Thing % Correct
Hufflepuff, Gryffindor, Slytherin, RavenclawHogwarts Houses
96.5%
Pigwidgeon, Hedwig, Errol, HermesOwls
87.5%
Charlie, Ron, Bill, Percy, Ginny, Fred, GeorgeMembers of the Weasley Family
85.3%
Vernon, Petunia, DudleyMembers of the Dursley Family
84.8%
Dobby, Winky, Kreacher, HokeyHouse-Elves
83.4%
Viktor Krum, Cedric Diggory, Fleur Delacour, Harry PotterTriwizard Champions
82.5%
Bloody Baron, Nearly Headless Nick, Grey Lady, Fat FriarHouse Ghosts
82.1%
Barty Crouch Jr., Bellatrix Lestrange, Yaxley, Lucius MalfoyDeath Eaters
80.6%
Diadem, Ring, Locket, Cup, Nagini, Diary, Harry PotterVoldemort's Horcruxes
80.4%
Hogwarts, Beauxbatons, DurmstrangWizarding Schools
78.4%
Chaser, Seeker, Keeper, BeaterQuidditch Positions
78%
Elder Wand, Invisibility Cloak, Resurrection StoneDeathly Hallows
76.5%
Items Thing % Correct
Quaffle, Snitch, BludgerQuidditch Balls
76.1%
Quirrell, Lockhart, Lupin, Umbridge, SnapeDefense Against the Dark Arts Teachers
73%
Cornelius Fudge, Rufus Scrimgeour, Pius Thicknesse, Kingsley ShackleboltMinisters of Magic
72.7%
Phoenix, Doe, Stag, Cat, OtterPatronuses
72.2%
Imperius, Avada Kedavra, CruciatusUnforgivable Curses
71.2%
Bane, Firenze, Ronan, MagorianCentaurs
68%
Voldemort, Harry Potter, Marvolo Gaunt, Salazar SlytherinSpeakers of Parseltongue
67.1%
Rita Skeeter, Minerva McGonagall, James Potter, Sirius Black, Peter Pettigrew, Animagi
64%
Mundungus Fletcher, Alastor Moody, Nymphadora Tonks, Albus DumbledoreMembers of the Order of the Phoenix
62.6%
Moony, Wormtail, Padfoot, ProngsMarauders Map Creators
62.5%
Grass, Sushi, Earwax, Banana, Cinnamon, CodBertie Bott's Every Flavor Beans
62.2%
Cormac McLaggen, Blaise Zabini, Hermione Granger, Harry PotterMembers of the Slug Club
51.9%

You're not logged in!

Compare scores with friends on all Sporcle quizzes.
Join for Free
OR
Log In

You Might Also Like...

Show Comments

Extras

Top Quizzes Today


Score Distribution

Your Account Isn't Verified!

In order to create a playlist on Sporcle, you need to verify the email address you used during registration. Go to your Sporcle Settings to finish the process.

Report this User

Report this user for behavior that violates our Community Guidelines.

Details: